Plameň v srdci (Record no. 22101)
[ view plain ]
| 000 -LEADER | |
|---|---|
| fixed length control field | 01702cam a2200433 a 4500 |
| 001 - CONTROL NUMBER | |
| control field | 22101 |
| 003 - CONTROL NUMBER IDENTIFIER | |
| control field | VRT |
| 005 - DATE AND TIME OF LATEST TRANSACTION | |
| control field | 20260320094002.0 |
| 008 - FIXED-LENGTH DATA ELEMENTS--GENERAL INFORMATION | |
| fixed length control field | 220512s2000 xo 000 f slo |
| 015 ## - NATIONAL BIBLIOGRAPHY NUMBER | |
| National bibliography number | SNBA2000/07-02527 |
| 020 ## - INTERNATIONAL STANDARD BOOK NUMBER | |
| International Standard Book Number | 8071188441 |
| Qualifying information | (viaz.) |
| 035 ## - SYSTEM CONTROL NUMBER | |
| System control number | POKPOH41396 |
| 035 ## - SYSTEM CONTROL NUMBER | |
| System control number | urn:nbn:sk:snk-amkdkt |
| 035 ## - SYSTEM CONTROL NUMBER | |
| System control number | urn:nbn:sk:snk-am008i96 |
| 035 ## - SYSTEM CONTROL NUMBER | |
| System control number | DDF92357-43BC-46A9-B5BE-FF9D82BBDD84 |
| 039 #9 - LEVEL OF BIBLIOGRAPHIC CONTROL AND CODING DETAIL [OBSOLETE] | |
| Level of rules in bibliographic description | 202205120840 |
| Level of effort used to assign nonsubject heading access points | VLOAD |
| Level of effort used to assign subject headings | 202002091153 |
| Level of effort used to assign classification | csnk01 |
| Level of effort used to assign subject headings | 202002091116 |
| Level of effort used to assign classification | csnk01 |
| Level of effort used to assign subject headings | 202002091001 |
| Level of effort used to assign classification | AUTHORITY |
| 040 ## - CATALOGING SOURCE | |
| Original cataloging agency | SNK |
| Language of cataloging | slo |
| Original cataloging agency | SNK |
| Modifying agency | SNK |
| Description conventions | AACR2 |
| 041 1# - LANGUAGE CODE | |
| Language code of text/sound track or separate title | slo |
| Language code of original | eng |
| 044 ## - COUNTRY OF PUBLISHING/PRODUCING ENTITY CODE | |
| MARC country code | xo |
| ISO country code | SK |
| 100 1# - MAIN ENTRY--PERSONAL NAME | |
| Personal name | Woodiwiss, Kathleen E., |
| Dates associated with a name | 1939-2007 |
| Relationship | aut |
| 240 14 - UNIFORM TITLE | |
| Uniform title | The elusive flame |
| Language of a work | Slovensky |
| 245 10 - TITLE STATEMENT | |
| Title | Plameň v srdci |
| Statement of responsibility, etc. | Kathleen E. Woodiwiss ; [z anglického originálu preložila Oľga Kralovičová] |
| 250 ## - EDITION STATEMENT | |
| Edition statement | 1. vyd. |
| 260 ## - PUBLICATION, DISTRIBUTION, ETC. | |
| Place of publication, distribution, etc. | Bratislava |
| Name of publisher, distributor, etc. | Ikar |
| Date of publication, distribution, etc. | 2000 |
| 300 ## - PHYSICAL DESCRIPTION | |
| Extent | 383 s. |
| Dimensions | 21 cm |
| 655 #7 - INDEX TERM--GENRE/FORM | |
| Genre/form data or focus term | historické romány |
| Source of term | SNKPH |
| 655 #7 - INDEX TERM--GENRE/FORM | |
| Genre/form data or focus term | ľúbostné príbehy |
| Source of term | SNKPH |
| 655 #7 - INDEX TERM--GENRE/FORM | |
| Genre/form data or focus term | americké romány |
| Source of term | SNKPH |
| 700 1# - ADDED ENTRY--PERSONAL NAME | |
| Personal name | Kralovičová, Oľga, |
| Dates associated with a name | 1957- |
| Relationship | trl |
| 700 1# - ADDED ENTRY--PERSONAL NAME | |
| Relationship information | Voľné pokračovanie diela: |
| Personal name | Woodiwiss, Kathleen E., |
| Dates associated with a name | 1939-2007 |
| Title of a work | Plameň a kvet |
| 700 1# - ADDED ENTRY--PERSONAL NAME | |
| Relationship information | Voľné pokračovanie diela: |
| Personal name | Woodiwiss, Kathleen E., |
| Dates associated with a name | 1939-2007 |
| Personal name | The flame and the flower |
| Language of a work | Slovensky |
| 910 ## - USER-OPTION DATA (OCLC) | |
| User-option data | snk |
| 942 ## - ADDED ENTRY ELEMENTS (KOHA) | |
| Source of classification or shelving scheme | Dewey Decimal Classification |
| Koha item type | Krásna literatúra pre dospelých |
| Suppress in OPAC | No |
| 949 ## - LOCAL PROCESSING INFORMATION (OCLC) | |
| 6 | 2889119752 |
| a | savukPV 2691 |
| 949 ## - LOCAL PROCESSING INFORMATION (OCLC) | |
| 6 | 273K0490658 |
| a | svkpoA 177001 |
| b | svkpo440039 |
| 949 ## - LOCAL PROCESSING INFORMATION (OCLC) | |
| 6 | 17A0239510 |
| 9 | P60, <03>, [BOOK], {603} |
| a | snkSC 101750 |
| b | snkKSP 5633/2000 |
| s | 6100:20140925 |
| 949 ## - LOCAL PROCESSING INFORMATION (OCLC) | |
| 6 | 17A0239511 |
| 9 | P60, <05>, [BOOK], {605} |
| a | snkSC 101750 D1 |
| b | snkKSP 5634/2000 |
| 949 ## - LOCAL PROCESSING INFORMATION (OCLC) | |
| 6 | 270001000075606 |
| a | svkbbA 100417 |
| b | svkbbm 629148 |
| p | 629.148 |
| Stav vyradenia | Strata | Poškodenie | Spôsob nadobudnutia | Domovská knižnica | Aktuálna knižnica | Dátum nadobudnutia | Total checkouts | Čiarový kód exemplára | Date last seen | Typ exemplára |
|---|---|---|---|---|---|---|---|---|---|---|
| Dar | Obecná knižnica Horná Štubňa | Obecná knižnica Horná Štubňa | 20.03.2026 | 9788071188445 | 20.03.2026 | Krásna literatúra pre dospelých | ||||
| Dar | Obecná knižnica Turčianska Štiavnička | Obecná knižnica Turčianska Štiavnička | 01.04.2026 | 4738000846 | 01.04.2026 | Krásna literatúra pre dospelých |
